Music Quiz

Random Music or Rock Quiz

Rock and Roll Hall of Famers Quiz Stats

Quiz Updated Dec 11, 2014

Challenge
Share
Tweet
Score 0/30 Timer 07:00
4 Plays Today
% Correct
Michael Jackson
99.3%
Bob Marley
97.3%
The Rolling Stones
96.7%
Prince
92.5%
Paul McCartney
91.4%
Queen
91.2%
Nirvana
90%
ZZ Top
89%
Stevie Wonder
88.3%
James Brown
86.6%
Simon and Garfunkel
86.6%
U2
85.8%
ABBA
84.5%
Bee Gees
84.1%
Madonna
82.6%
% Correct
Buddy Holly
82.4%
Janis Joplin
81.1%
The Jimi Hendrix Experience
78.9%
The Supremes
78.5%
Run-DMC
76.8%
Bruce Springsteen
75%
Billy Joel
68.7%
Red Hot Chili Peppers
67.8%
Johnny Cash
67.5%
Frank Zappa
65.5%
The Grateful Dead
55.5%
Metallica
54.4%
John Mellencamp
47.7%
Earth Wind and Fire
44.7%
Etta James
38.7%

You're not logged in!

Compare scores with friends on all Sporcle quizzes.
Join for Free
OR
Log In

You Might Also Like...

Show Comments

Extras

Top Quizzes Today


Score Distribution

Your Account Isn't Verified!

In order to create a playlist on Sporcle, you need to verify the email address you used during registration. Go to your Sporcle Settings to finish the process.

Report this User

Report this user for behavior that violates our Community Guidelines.

Details: